| 000 | 00602nam a2200217Ia 4500 | ||
|---|---|---|---|
| 008 | 100315s9999 xx 000 0 und d | ||
| 040 | _cENGLISH | ||
| 082 | _b3986 | ||
| 100 | _a"Shay , R. Y. " | ||
| 245 | _aQUANTATIVE METHODS FOR BUSINESS - I | ||
| 260 |
_aMumbai _bsheth _c2000 |
||
| 300 | _a332 | ||
| 365 |
_eRupees _d1 _b100.00 |
||
| 366 | _f0 | ||
| 505 | _gVinayak Gonjare | ||
| 620 | _aQUANTATIVE METHODS | ||
| 630 | _aQUANTATIVE METHODS FOR BUSINESS - I | ||
| 650 | _aQUANTATIVE METHODS | ||
| 730 | _aQUANTATIVE METHODS FOR BUSINESS - I | ||
| 942 | _cBOOK | ||
| 999 |
_c478721 _d478718 |
||